000
00255nam a22001097a 4500
082
_a
100
100
_a
OSHO
_9
18534
245
_a
JOKING AROUND Tao Insight into Life
260
_a
Mumbai
_b
Jaico Publishing House
_c
2024
650
_a
Philosophy
942
_c
BK
999
_c
67413
_d
67413